[Event "Regionalliga NW 1314"]
[Site "Bayern"]
[Date "2013.11.10"]
[Round "2.5"]
[White "Tauchmann, Bernd"]
[Black "Schmitz, Wolfgang"]
[Result "0-1"]
[WhiteElo "1761"]
[BlackElo "1849"]
[PlyCount "70"]
[EventDate "2013.10.13"]
[EventType "team-tourn"]
[EventRounds "9"]
[EventCountry "GER"]
[SourceTitle "EXT 2015"]
[Source "ChessBase"]
[SourceDate "2014.11.20"]
[SourceVersion "1"]
[SourceVersionDate "2014.11.20"]
[SourceQuality "1"]
[WhiteTeam "Thiersheim"]
[BlackTeam "Prichsenstadt"]
[WhiteTeamCountry "GER"]
[BlackTeamCountry "GER"]

1. e4 e5 2. Nf3 d6 3. d4 exd4 4. Nxd4 Nf6 5. Nc3 Be7 6. Bd3 Nc6 7. Nxc6 bxc6 8. 0-0 0-0 9. f4 d5 10. e5 Ng4 11. Qe2 Bc5+ 12. Kh1 Kh8 13. Na4 Bb6 14. Nxb6 axb6 15. f5 Qh4 16. g3 Qh3 17. Rf4 h5 18. Qd2 Ba6 19. f6 g5 20. Rf3 Bxd3 21. cxd3 Nxe5 22. Qxg5 Qxh2+ 23. Kxh2 Nxf3+ 24. Kh3 Nxg5+ 25. Bxg5 Kh7 26. Bf4 Rfe8 27. Bxc7 Re2 28. g4 Re3+ 29. Kh4 hxg4 30. Kxg4 Kg6 31. Bxb6 Rxd3 32. a4 Rb3 33. a5 Rxb6 34. axb6 Rxa1 35. b7 Ra4+ 0-1

[Event "Regionalliga NW 1314"]
[Site "Bayern"]
[Date "2013.10.13"]
[Round "1.6"]
[White "Labin, Sascha"]
[Black "Tauchmann, Bernd"]
[Result "1/2-1/2"]
[WhiteElo "1941"]
[BlackElo "1761"]
[PlyCount "108"]
[EventDate "2013.10.13"]
[EventType "team-tourn"]
[EventRounds "9"]
[EventCountry "GER"]
[SourceTitle "EXT 2015"]
[Source "ChessBase"]
[SourceDate "2014.11.20"]
[SourceVersion "1"]
[SourceVersionDate "2014.11.20"]
[SourceQuality "1"]
[WhiteTeam "Bamberg"]
[BlackTeam "Thiersheim"]
[WhiteTeamCountry "GER"]
[BlackTeamCountry "GER"]

1. d4 d5 2. c4 e6 3. Nf3 c5 4. cxd5 exd5 5. Nc3 Nf6 6. g3 Nc6 7. Bg2 Be6 8. 0-0 c4 9. Ne5 Qb6 10. Qa4 Bb4 11. e4 Bxc3 12. bxc3 0-0 13. Ba3 Rfe8 14. Rab1 Qc7 15. exd5 Nxd5 16. Bxd5 Bxd5 17. Nxc4 Nxd4 18. cxd4 Qxc4 19. Qxc4 Bxc4 20. Rfc1 b5 21. Bc5 Re2 22. a4 a6 23. Rxc4 bxc4 24. Rc1 Rd2 25. Rxc4 h6 26. a5 Re8 27. Rc3 Ree2 28. Rf3 f6 29. h4 Kf7 30. h5 Ra2 31. Bb6 Ke6 32. Rf4 Reb2 33. d5+ Kxd5 34. Rg4 Rb5 35. Rxg7 Ke6 36. Ra7 Raxa5 37. Bxa5 Rxa5 38. Kg2 Kd6 39. g4 Ke5 40. Kg3 Ra3+ 41. f3 f5 42. g5 hxg5 43. h6 g4 44. h7 Rxf3+ 45. Kg2 Rh3 46. Re7+ Kf4 47. Ra7 a5 48. Kf2 Kg5 49. Rg7+ Kf6 50. Ra7 a4 51. Kg2 a3 52. Rxa3 Rxh7 53. Kg3 Rh3+ 54. Kf4 Rxa3 1/2-1/2